000 01266cam a2200313 a 4500
999 _c6523
_d6523
003 OSt
005 20200214102425.0
008 140507t2002 ck jr 000 1 spa d
020 _a9588089468
040 _aCO-BoPUJ
_cCO-JMCR
041 1 _aspa
_heng
082 0 4 _aC /
_bJOYd
100 1 _aJoyce, James,
_eautor
_9588
245 1 0 _aDublineses /
_cJames Joyce ; traducción de Eduardo Chamorro
260 _aBogotá :
_bEl Tiempo,
_c©2002
300 _a191 páginas ;
_c21 cm.
490 0 _aBiblioteca El Tiempo. Serie II Clásicos ;
_v6
500 _aIncluye datos biográficos del autor.
500 _aTítulo original:Dubliners
505 0 _aLas hermanas -- Un encuentro -- Araby -- Eveline -- Después de la carrera -- Dos galanes -- La casa de huéspedes -- Una pequeña nube -- Contrapartidas -- Arcilla -- Un caso doloroso -- Día de la patria en la oficina del partido -- Una madre -- La gracia -- Los muertos
546 _aTraducido del inglés
650 1 4 _aCuentos irlandeses
_9589
650 2 4 _aLiteratura irlandesa
_9590
650 2 4 _aFamilia en la literatura
_9591
650 2 4 _aNaturaleza en la literatura
_9592
650 2 4 _aVida cotidiana en la literatura
_9593
700 1 _aChamorro, Eduardo,
_etraductor
_9594
942 _2ddc
_cBK